| 000 | 00892cam a2200193 i 4500 | ||
|---|---|---|---|
| 020 | _a9780190862985 | ||
| 020 | _a019086298X | ||
| 041 | _aENGLISH | ||
| 082 |
_a320.954 _bCHR |
||
| 245 | 0 | 0 | _aThe Islamic connections :South Asia and the Gulf |
| 260 |
_aNew Delhi _bPenguin Random House _c2017 |
||
| 300 | _axv, 304 pages ; | ||
| 490 | 1 | _aComparative politics and international studies series | |
| 520 | _a"Connections of trade, family, learning and faith have existed between South Asia and the Gulf for hundreds of years. This book focuses on their workings in the modern period with especial emphasis on Islam. It demonstrates the significant and complex interactions which take place across the region, some of which are of strategic potential."--review on page [4] of cover. | ||
| 650 | 0 | _aMuslims | |
| 700 | 1 | _aJaffrelot, Christophe, | |
| 700 | 1 | _aLouër, Laurence, | |
| 942 | _cBK | ||
| 999 |
_c22657 _d22657 |
||